000 00376nam a2200145Ia 4500
008 230312s9999||||xx |||||||||||||| ||und||
082 _a005.13
_bBUT-T
100 _aImran Zafar Butt
245 0 _aTurbo C
260 _bJadeed Educational Service
_aLahore
300 _a268
546 _aEng.
650 _aComputer
_vFlow chart, Constant variables, loops, arrays
942 _cBK
999 _c3292
_d3292